Dutch landmarks - Statistics

General Stats
  • This quiz has been taken 6 times
  • The average score is 8 of 16
Answer Stats
Picture Answer % Correct
Kinderdijk
83%
Afsluitdijk
67%
Euromast
67%
Martinitoren
67%
Rijksmuseum
67%
Domtoren
50%
Markthal
50%
Pier van Scheveningen
50%
Rotterdam Centraal
50%
Binnenhof
33%
Instituut voor Beeld en Geluid
33%
Muiderslot
33%
Paleis 't Loo
33%
Stadhuis Middelburg
33%
Waterpoort
33%
Oosterscheldekering
17%
No matching quizzes found
Score Distribution
Percent of People with Each Score
Percentile by Number Answered
Your Score History
You have not taken this quiz